000 00560cam a2200205ua 4500
001 6909
008 140307n ii |||gr||||Z||||||eng
020 _a81-7096-550-0
040 _cMAIN
082 _a513
245 _aCommercial arithmatic and elements of statistics
_cBy S.C. Chanda
250 _a1st ed.
260 _aLudhiana:
_bKalyani publishers,
_c1996.
300 _ax,211p.
653 _aArithmetic
653 _aCommercial arithmatic and elements of statistics
700 _aChanda,S.C.,
_eAuthor.,
700 _aNag,N.K.,
_eAuthor.
942 _cBK
999 _c6055
_d6055